000 00311nam a22001217a 4500
008 230703b xxu||||| |||| 00| 0 eng d
082 _a342 16
_bIPU 2000
245 _aConstitutional & Parliamentary Information
260 _bInter-Parliamentary Union
_c2000
300 _a86p
440 _n179
942 _2ddc
_cBK
999 _c3241
_d3241